000 00542nam a22001817a 4500
003 BD-DhUL
005 20210201142259.0
008 180807s1994 ii ||||| |||| 00| 0 urd d
040 _aBD-DhUL
_cBD-DhUL
082 _a891.433
_bASB
100 1 _aاشرف، خالد۔
245 0 _aبرصغیرمیں اردو ناول /
_cخالد اشرف۔
246 _aBarr-e-Sagheer Mein Urdu Novel
260 _aدہلی :
_bاردو مجلس،
_c۱۹۹۴۔
300 _aص۔ ۴۱۴ ؛
_c۲۴ سم۔
650 4 _aUrdu fiction.
942 _2ddc
_cBK
999 _c243003
_d243003